<?xml version="1.0" encoding="UTF-8"?>
<collection xmlns="http://www.loc.gov/MARC21/slim">
 <record>
  <leader>00469pamaa2200157   4500</leader>
  <controlfield tag="001">0000023942</controlfield>
  <controlfield tag="005">20061214090000.0</controlfield>
  <datafield tag="020" ind1="0" ind2="0">
   <subfield code="a">0876858043 </subfield>
  </datafield>
  <datafield tag="090" ind1="0" ind2="0">
   <subfield code="a">PS3505.H67 </subfield>
   <subfield code="b">CHE 1990</subfield>
  </datafield>
  <datafield tag="100" ind1="1" ind2="0">
   <subfield code="a">CHESTER </subfield>
  </datafield>
  <datafield tag="245" ind1="1" ind2="0">
   <subfield code="a">Head of a sad angel : </subfield>
   <subfield code="b">stories 1953-1966  </subfield>
   <subfield code="c">Alfred Chester; edited by Edward Fiel and foreword by Gore Vidal.</subfield>
  </datafield>
  <datafield tag="260" ind1="0" ind2="0">
   <subfield code="a">Santa Rosa: </subfield>
   <subfield code="b">Black Sparrow, </subfield>
   <subfield code="c">1990.</subfield>
  </datafield>
  <datafield tag="300" ind1=" " ind2=" ">
   <subfield code="a">377p.; </subfield>
   <subfield code="c">23cm.</subfield>
  </datafield>
  <datafield tag="650" ind1="0" ind2="0">
   <subfield code="a">Fiction </subfield>
  </datafield>
  <datafield tag="700" ind1="1" ind2="1">
   <subfield code="a">Field, </subfield>
   <subfield code="h">Edward </subfield>
  </datafield>
  <datafield tag="700" ind1="1" ind2="1">
   <subfield code="a">Vidal, </subfield>
   <subfield code="h">Gore </subfield>
  </datafield>
 </record>
</collection>
